书目信息 |
| 题名: |
加入世贸组织后的中国
|
|
| 作者: | 王梦奎 主编 | |
| 分册: | ||
| 出版信息: | 北京 人民出版社 2003 |
|
| 页数: | 343页 | |
| 开本: | 20cm | |
| 丛书名: | 中国发展研究基金会系列丛书 | |
| 单 册: | ||
| 中图分类: | F12-53 | |
| 科图分类: | ||
| 主题词: | 世界贸易组织--规则--影响--经济--中国--文集 | |
| 电子资源: | ||
| ISBN: | 7-01-003850-3 | |
| 000 | 01200nam0 2200325 450 | |
| 000 | 01163nam0 2200313 450 | |
| 000 | 01161nam0 2200325 450 | |
| 000 | 01107nam0 2200301 450 | |
| 000 | 01103nam0 2200289 450 | |
| 000 | 01066nam0 2200277 45 | |
| 001 | TS2006000097 | |
| 005 | 20070115155214.39 | |
| 010 | @a7-01-003850-3@dCNY20.00 | |
| 100 | @a20060829d2003 kemy0chiy0120 ea | |
| 101 | 0 | @achi |
| 102 | @aCN@b110000 | |
| 105 | @ay z 000yy | |
| 200 | 1 | @a加入世贸组织后的中国@AJia Ru Shi Mao Zu Zhi Hou De Zhong Guo@f王梦奎主编@FWang Meng Kui Zhu Bian |
| 210 | @a北京@c人民出版社@d2003 | |
| 215 | @a343页@d20cm | |
| 225 | 2 | @a中国发展研究基金会系列丛书 |
| 330 | @a本书分为开幕辞、主题发言、专题报告、评论与建议以及综述五部分,共收入文章30余篇,包括《加入WTO后的中国经济走向》、《对中国金融自由化的建议》等。 | |
| 410 | 0 | @12001 @a中国发展研究基金会系列丛书 |
| 606 | 0 | @a世界贸易组织@x规则@x影响@x经济@y中国@x文集 |
| 690 | @aF12-53@v4 | |
| 701 | 0 | @a王梦奎@AWang Meng Kui@4主编 |
| 801 | 0 | @aCN@b中图数据@c20070115 |
| 905 | @a10447@dF12-53@e166 | |
| 加入世贸组织后的中国/王梦奎主编.-北京:人民出版社,2003 |
| 343页;20cm.-(中国发展研究基金会系列丛书) |
| ISBN 7-01-003850-3:CNY20.00 |
| 本书分为开幕辞、主题发言、专题报告、评论与建议以及综述五部分,共收入文章30余篇,包括《加入WTO后的中国经济走向》、《对中国金融自由化的建议》等。 |
| ● |
| 相关链接 |
|
|
|
|
正题名:加入世贸组织后的中国
索取号:F12-53/166
 
预约/预借
| 序号 | 登录号 | 条形码 | 馆藏地/架位号 | 状态 | 备注 |
| 1 | 0608763 | 206087633 | 第一样本阅览室/ [索取号:F12-53/166] | 在馆 | |
| 2 | 0608764 | 206087642 | 第一借阅区/ [索取号:F12-53/166] | 在馆 | |
| 3 | 0608765 | 206087651 | 第一借阅区/ [索取号:F12-53/166] | 在馆 |